10 Largest Landlocked Countries - Statistics

General Stats
  • This quiz has been taken 23 times
  • The average score is 9 of 10
Answer Stats
Sq. Miles Answer % Correct
1.05m Kazakhstan
100%
495,755 Chad
95%
604,908 Mongolia
95%
489,191 Niger
95%
424,164 Bolivia
91%
478,841 Mali
82%
251,827 Afghanistan
77%
240,535 Central African Republic
77%
426,372 Ethiopia
68%
290,612 Zambia
68%
No matching quizzes found
Score Distribution
Percent of People with Each Score
Percentile by Number Answered
Your Score History
You have not taken this quiz